| 000 | 00783nam a22002177a 4500 | ||
|---|---|---|---|
| 999 |
_c10169 _d10169 |
||
| 003 | AR-CdUCM | ||
| 008 | 190329b ||||| |||| 00| 0 spa d | ||
| 040 |
_aMUNICIPALIDAD PROVINCIAL DEL CUSCO _cBIBLIOTECA MUNICIPAL DEL CUSCO |
||
| 082 |
_a199.8 / _bI53 / 1939 |
||
| 100 |
_aIngenieros, Jose _9579 |
||
| 245 | _aProposiciones relativas al porvenir de la filosofía / | ||
| 260 |
_aBuenos Aires : _bRosso _c1939. |
||
| 300 |
_a17 volúmenes ; _c21 cm. |
||
| 500 | _a | ||
| 505 | _aContenido : La hipocresía de los filósofos -- La crisis filosófica del siglo XIX -- Hermenéutica y paleo-metafísica -- Perennidad de lo experiencial ... | ||
| 650 |
_aFilosofía _9395 |
||
| 650 |
_aProposiciones _926867 |
||
| 650 |
_aFilósofos _9827 |
||
| 942 |
_2ddc _cLIBROS |
||
| 945 | _arah | ||